[Event "GRE-ch Schools Gymnasia-B 30th"]
[Site "Peristeri"]
[Date "2018.04.01"]
[Round "3"]
[White "Raftopoulos, Emmanouil"]
[Black "Stratigos, Spiros"]
[Result "0-1"]
[WhiteElo "1388"]
[BlackElo "1862"]
[PlyCount "84"]
[EventDate "2018.04.01"]
[EventType "swiss (rapid)"]
[EventRounds "9"]
[EventCountry "GRE"]
[SourceTitle "EXT 2019"]
[Source "ChessBase"]
[SourceDate "2018.10.10"]
[SourceVersion "1"]
[SourceVersionDate "2018.10.10"]
[SourceQuality "1"]

1. d4 Nf6 2. e3 g6 3. Bd3 Bg7 4. f4 d6 5. Nf3 0-0 6. 0-0 Nbd7 7. Nbd2 c5 8. c3 a6 9. e4 cxd4 10. cxd4 e5 11. fxe5 dxe5 12. dxe5 Ng4 13. Qe2 Ndxe5 14. Bc2 Qb6+ 15. Kh1 Ne3 16. Nxe5 Bxe5 17. Nc4 Nxc4 18. Qxc4 Be6 19. Qe2 Rac8 20. Bd3 Rfd8 21. a3 Qd6 22. Rd1 Bc4 23. Bg5 Bxd3 24. Qf3 f6 25. Be3 Bxb2 26. Bf4 Qc6 27. Ra2 Bxe4 28. Rxd8+ Rxd8 29. Qb3+ Bd5 30. Qxb2 Bxa2 31. h3 Bd5 32. Kg1 Bxg2 33. Qxg2 Rd1+ 34. Kh2 Qxg2+ 35. Kxg2 Kf7 36. h4 Ke6 37. Kf2 Kf5 38. Bg3 Rd3 39. a4 Rxg3 40. Kxg3 b5 41. axb5 axb5 42. Kf3 b4 0-1

[Event "Thessaloniki Vardaris op 4th"]
[Site "Thessaloniki"]
[Date "2018.02.16"]
[Round "2"]
[White "Stratigos, Spiros"]
[Black "Spyropoulos, Nikolaos"]
[Result "0-1"]
[WhiteElo "1802"]
[BlackElo "2148"]
[PlyCount "60"]
[EventDate "2018.02.15"]
[EventType "swiss"]
[EventRounds "7"]
[EventCountry "GRE"]
[SourceTitle "CBM 183 Extra"]
[Source "ChessBase"]
[SourceDate "2018.04.19"]
[SourceVersion "1"]
[SourceVersionDate "2018.04.19"]
[SourceQuality "1"]

1. Nf3 Nf6 2. g3 d5 3. Bg2 c6 4. d3 Bg4 5. 0-0 Nbd7 6. Nbd2 e5 7. e4 Bd6 8. h3 Bh5 9. Qe1 0-0 10. Nh4 Re8 11. Nf5 Bf8 12. b3 Bb4 13. a3 Bc3 14. Rb1 Bg6 15. Qe3 Nb6 16. Nh4 dxe4 17. dxe4 Bxd2 18. Bxd2 Bxe4 19. Bxe4 Nxe4 20. Qxe4 Qxd2 21. Rbd1 Qg5 22. Nf5 Nd5 23. Rd3 Nf6 24. f4 Qg6 25. Qxe5 Rxe5 26. fxe5 Nd5 27. Rxd5 Qe6 28. Rd6 Qxe5 29. Rd7 Re8 30. Rf2 g6 0-1

[Event "GRE-ch U12"]
[Site "Porto Rio"]
[Date "2016.06.29"]
[Round "2"]
[White "Stratigos, Spiros"]
[Black "Kouvidis, Ioannis"]
[Result "1-0"]
[WhiteElo "1592"]
[BlackElo "1275"]
[PlyCount "56"]
[EventDate "2016.06.28"]
[EventType "swiss"]
[EventRounds "9"]
[EventCountry "GRE"]
[SourceTitle "CBM 173 Extra"]
[Source "ChessBase"]
[SourceDate "2016.08.29"]
[SourceVersion "1"]
[SourceVersionDate "2016.08.29"]
[SourceQuality "1"]

1. e4 c5 2. Nf3 Nc6 3. Bb5 Nd4 4. Nxd4 cxd4 5. d3 a6 6. Bc4 e6 7. 0-0 Be7 8. Nd2 b5 9. Bb3 Bb7 10. f4 Nf6 11. h3 d6 12. Nf3 Qb6 13. Qe2 Nd7 14. Qf2 e5 15. fxe5 dxe5 16. Bxf7+ Kxf7 17. Ng5+ Ke8 18. Qf7+ Kd8 19. Ne6+ Kc8 20. Qxe7 Bc6 21. Nxg7 Kb7 22. Rf7 Raf8 23. Nf5 Rxf7 24. Nd6+ Kc7 25. Nxf7 Qb8 26. Nxh8 Qxh8 27. Bg5 h6 28. Bh4 Kc8 1-0

[Event "GRE-ch U12"]
[Site "Rio Achaia"]
[Date "2015.06.29"]
[Round "6.5"]
[White "Chatzieleftheriou, Andreas"]
[Black "Stratigos, Spiros"]
[Result "1-0"]
[WhiteElo "1450"]
[BlackElo "1425"]
[PlyCount "111"]
[EventDate "2015.06.26"]
[EventType "swiss"]
[EventRounds "9"]
[EventCountry "GRE"]
[SourceTitle "EXT 2024"]
[Source "ChessBase"]
[SourceDate "2023.10.10"]
[SourceVersion "1"]
[SourceVersionDate "2023.10.10"]
[SourceQuality "1"]

1. e4 c5 2. c4 d6 3. Nf3 g6 4. d4 cxd4 5. Nxd4 Bg7 6. Nc3 Nc6 7. Be3 Nf6 8. Be2 0-0 9. 0-0 Bd7 10. f3 a6 11. Kh1 Rc8 12. Rc1 Ne5 13. b3 Qc7 14. Qd2 Rfd8 15. Nd5 Nxd5 16. cxd5 Qb8 17. h3 Be8 18. Bg5 Kf8 19. Qf4 Bd7 20. Qh4 f6 21. Be3 Kg8 22. f4 Nf7 23. Bg4 Bxg4 24. Qxg4 Nh6 25. Qe6+ Kf8 26. f5 g5 27. Rxc8 Qxc8 28. Qxc8 Rxc8 29. Ne6+ Kg8 30. Rc1 Rxc1+ 31. Bxc1 Nf7 32. g4 Ne5 33. Kg2 Kf7 34. Bd2 Bh6 35. Nd8+ Ke8 36. Nxb7 Nd3 37. Kf3 Kd7 38. Ke2 Ne5 39. Bc3 Nf7 40. Kd3 Kc7 41. Na5 Nd8 42. b4 Kb6 43. Kc4 Bf8 44. Bd4+ Kc7 45. b5 axb5+ 46. Kxb5 Nf7 47. Nc6 Ne5 48. Bxe5 dxe5 49. a4 Kb7 50. a5 Ka8 51. a6 h6 52. Kb6 h5 53. gxh5 g4 54. hxg4 Bh6 55. Nxe7 Be3+ 56. Kc6 1-0

[Event "GRE-ch U10"]
[Site "Greece"]
[Date "2014.07.09"]
[Round "8"]
[White "Spyropoulos, Nikolaos"]
[Black "Stratigos, Spiros"]
[Result "0-1"]
[WhiteElo "1652"]
[BlackElo "1420"]
[PlyCount "72"]
[EventDate "2014.07.04"]
[EventType "swiss"]
[EventRounds "9"]
[EventCountry "GRE"]
[SourceTitle "EXT 2017"]
[Source "ChessBase"]
[SourceDate "2016.10.25"]
[SourceVersion "1"]
[SourceVersionDate "2016.10.25"]
[SourceQuality "1"]

1. e4 c5 2. Nf3 d6 3. d4 cxd4 4. Nxd4 Nf6 5. Nc3 g6 6. Be3 Bg7 7. f3 0-0 8. Qd2 Nc6 9. g4 Bd7 10. 0-0-0 Rc8 11. h4 h5 12. gxh5 Nxh5 13. Rg1 Qa5 14. Kb1 Ne5 15. Nd5 Qd8 16. Be2 Nc4 17. Bxc4 Rxc4 18. Ne2 Be6 19. Nef4 Nxf4 20. Nxf4 Qd7 21. h5 Rfc8 22. c3 Rxc3 23. hxg6 Rc2 24. gxf7+ Kf8 25. Nxe6+ Qxe6 26. Qxc2 Rxc2 27. Kxc2 Qxa2 28. Bc1 Qc4+ 29. Kb1 Kxf7 30. Rd5 Be5 31. Rdd1 a5 32. Rge1 a4 33. Re3 b5 34. Bd2 b4 35. Rc1 Qd4 36. Rc2 b3 0-1

[Event "GRE-ch U10"]
[Site "Greece"]
[Date "2014.07.08"]
[Round "7"]
[White "Kasioumis, Vasilios"]
[Black "Stratigos, Spiros"]
[Result "1-0"]
[WhiteElo "1490"]
[BlackElo "1420"]
[PlyCount "53"]
[EventDate "2014.07.04"]
[EventType "swiss"]
[EventRounds "9"]
[EventCountry "GRE"]
[SourceTitle "EXT 2017"]
[Source "ChessBase"]
[SourceDate "2016.10.25"]
[SourceVersion "1"]
[SourceVersionDate "2016.10.25"]
[SourceQuality "1"]

1. e4 c5 2. Nc3 g6 3. Nf3 Bg7 4. d4 cxd4 5. Nxd4 d6 6. Be3 Nf6 7. h3 0-0 8. Bc4 Nc6 9. Bb3 Bd7 10. 0-0 Rc8 11. f4 Na5 12. e5 dxe5 13. fxe5 Ne8 14. e6 Bxe6 15. Nxe6 Qxd1 16. Raxd1 Nxb3 17. Nxf8 Na5 18. Nd7 Nd6 19. Bd4 Bh6 20. Nd5 Bg5 21. Bf6 Bxf6 22. N5xf6+ exf6 23. Nxf6+ Kg7 24. Rxd6 Nc4 25. Rd7 Ne3 26. Rf3 Nc4 27. Ng4 1-0

[Event "GRE-ch U10"]
[Site "Greece"]
[Date "2014.07.07"]
[Round "5"]
[White "Abelakiotis, Stavros"]
[Black "Stratigos, Spiros"]
[Result "1/2-1/2"]
[WhiteElo "1586"]
[BlackElo "1420"]
[PlyCount "83"]
[EventDate "2014.07.04"]
[EventType "swiss"]
[EventRounds "9"]
[EventCountry "GRE"]
[SourceTitle "EXT 2017"]
[Source "ChessBase"]
[SourceDate "2016.10.25"]
[SourceVersion "1"]
[SourceVersionDate "2016.10.25"]
[SourceQuality "1"]

1. e4 c5 2. Nf3 d6 3. Bb5+ Bd7 4. Bxd7+ Qxd7 5. c4 Nc6 6. d4 cxd4 7. Nxd4 Nf6 8. Nc3 g6 9. f3 Bg7 10. Be3 0-0 11. 0-0 Ne5 12. b3 Rac8 13. Qd2 Nc6 14. Rfd1 Rfd8 15. Rac1 a6 16. Na4 Qc7 17. Ne2 Nd7 18. Nf4 Bh6 19. Nd5 Bxe3+ 20. Qxe3 Qa5 21. Qg5 Kh8 22. Qd2 Qxd2 23. Rxd2 b5 24. Nb2 e6 25. Ne3 Nc5 26. Nd3 Nd4 27. Nxc5 dxc5 28. Rcd1 Rc7 29. Nc2 e5 30. Kf2 Rcd7 31. Ne3 bxc4 32. Nxc4 f6 33. Ne3 Kg7 34. Nd5 Kf7 35. Rc1 Ne6 36. Rdc2 Rd6 37. Ne3 Rd2+ 38. Ke1 R2d3 39. Nd5 Rd4 40. Rc4 f5 41. Rxd4 exd4 42. Ke2 1/2-1/2

[Event "GRE-ch U10"]
[Site "Greece"]
[Date "2014.07.07"]
[Round "6"]
[White "Stratigos, Spiros"]
[Black "Vizirakis, Stavros"]
[Result "1-0"]
[WhiteElo "1420"]
[BlackElo "1053"]
[PlyCount "129"]
[EventDate "2014.07.04"]
[EventType "swiss"]
[EventRounds "9"]
[EventCountry "GRE"]
[SourceTitle "EXT 2017"]
[Source "ChessBase"]
[SourceDate "2016.10.25"]
[SourceVersion "1"]
[SourceVersionDate "2016.10.25"]
[SourceQuality "1"]

1. e4 d6 2. d4 Nf6 3. Nc3 g6 4. Bc4 Bg7 5. Nf3 0-0 6. Bf4 c6 7. Bd3 Bg4 8. 0-0 b5 9. Qe2 Bxf3 10. Qxf3 Qc7 11. Rad1 e5 12. dxe5 dxe5 13. Bg5 Nbd7 14. Ne2 h6 15. Bh4 Nh5 16. Qh3 Nf4 17. Nxf4 exf4 18. Bxb5 Ne5 19. Be2 g5 20. Bxg5 hxg5 21. Qf5 f6 22. Qe6+ Qf7 23. Qf5 Rfe8 24. b3 Qe6 25. Qxe6+ Rxe6 26. g3 f3 27. Ba6 Rae8 28. Rd2 Nf7 29. Bc4 Rxe4 30. Rd7 Rxc4 31. bxc4 Re2 32. Rxa7 Rxc2 33. h3 Ne5 34. Rb1 Rxc4 35. Rb8+ Bf8 36. Raa8 Ng6 37. a4 Rc1+ 38. Kh2 c5 39. a5 c4 40. a6 c3 41. a7 Ra1 42. Rc8 Kh7 43. Rc7+ Kh6 44. Rac8 Bd6 45. Rd7 Nf8 46. Rxd6 Rxa7 47. Rxf8 Ra2 48. Rfxf6+ Kg7 49. Rxf3 c2 50. Rc6 Rb2 51. Kg2 Ra2 52. Rfc3 Ra8 53. Rxc2 Rf8 54. Rc7+ Kg6 55. R2c6+ Kf5 56. Rc8 Rf7 57. Rc5+ Ke4 58. Rxg5 Ra7 59. Rc4+ Kd3 60. Rgg4 Ra1 61. Rgd4+ Ke2 62. Rc2+ Ke1 63. Rdd2 Ra2 64. Re2+ Kd1 65. Rxa2 1-0